000 00323nam a22001337a 4500
008 170817b xxu||||| |||| 00| 0 eng d
020 _a9780201525656
041 _aeng
080 _25 ED
_a51
100 _a36
101 _aMAT
245 _aA PROBLEMS SOLVING APPROACH TO MATHEMATICS
_cLOTT.B.L
942 _2udc
_cBK
999 _c23866
_d23866